[Event "Saginaw Valley Open (March)"]
[Site "Saginaw, Mich."]
[Date "1982.03.20"]
[Round "2"]
[White "Moody, David"]
[Black "Shaler, Tom"]
[Result "1-0"]
[WhiteElo "1982"]
[BlackElo "1640"]
[PlyCount "57"]
[EventDate "1982.03.20"]

1. e4 c5 2. Nc3 Nc6 3. f4 d6 4. Nf3 Nf6 5. d3 e6 6. Be2 Be7 7. O-O O-O 8. Kh1
a6 9. a4 b6 10. Be3 Ng4 11. Bg1 Bb7 12. Qe1 Qc7 13. h3 Nf6 14. g4 Rad8 15. Nd1
b5 16. Ne3 Rfe8 17. g5 Nd7 18. f5 exf5 19. Nxf5 Nde5 20. Nxe5 dxe5 21. Qh4 Nd4
22. Bxd4 exd4 23. Nxg7 Kxg7 24. Rxf7+ Kxf7 25. Qxh7+ Ke6 26. Bg4+ Kd6 27. Qg6+
Ke5 28. Qf5+ Kd6 29. Qe6# 1-0

[Event "Saginaw Valley Open (March)"]
[Site "Saginaw, Mich."]
[Date "1982.03.20"]
[Round "3"]
[White "Hahn, David"]
[Black "Moody, David"]
[Result "0-1"]
[WhiteElo "2109"]
[BlackElo "1982"]
[PlyCount "100"]
[EventDate "1982.03.20"]

1. e4 e5 2. Nc3 Nf6 3. g3 Bc5 4. Bg2 d6 5. Na4 Bb6 6. Nxb6 axb6 7. Ne2 O-O 8.
O-O Nc6 9. d4 Bd7 10. d5 Ne7 11. f4 exf4 12. Nxf4 Bg4 13. Qe1 Qd7 14. h3 Bh5
15. Nxh5 Nxh5 16. g4 Nf6 17. Bg5 Ne8 18. Qg3 Ng6 19. a3 Qb5 20. Qc3 Qc5+ 21.
Qxc5 bxc5 22. Bd2 Nf6 23. Bc3 Nd7 24. g5 Ra6 25. Bf3 Rfa8 26. Bh5 Nge5 27. Be2
Ra4 28. Bd3 Re8 29. Rae1 c4 30. Be2 b5 31. Kg2 Nc5 32. Bxe5 Rxe5 33. Bh5 g6 34.
Bf3 Rxg5+ 35. Kf2 Re5 36. h4 b4 37. axb4 Rxb4 38. b3 cxb3 39. cxb3 Nd3+ 40. Ke3
Nxe1 41. Rxe1 Rxb3+ 42. Kf4 f5 43. Rc1 fxe4 44. Bg4 e3 45. Be6+ Kf8 46. Rxc7 e2
47. Rc8+ Kg7 48. Rc7+ Kh6 49. Bg8 Rf5+ 50. Kg4 Rg3+ 0-1

[Event "Saginaw Valley Open (March)"]
[Site "Saginaw, Mich."]
[Date "1982.03.21"]
[Round "4"]
[White "Moody, David"]
[Black "Beaver, Andrew"]
[Result "0-1"]
[WhiteElo "1982"]
[BlackElo "2042"]
[PlyCount "54"]
[EventDate "1982.03.20"]

1. e4 e5 2. Nf3 Nf6 3. Nxe5 d6 4. Nf3 Nxe4 5. Nc3 Nxc3 6. dxc3 Be7 7. Bd3 Nd7
8. Be3 Nf6 9. Qe2 O-O 10. O-O-O a6 11. Bd4 Re8 12. Ng5 h6 13. h4 Bd7 14. Qf3
Bg4 15. Qg3 Bxd1 16. Kxd1 Qd7 17. f3 Nh5 18. Qh2 c5 19. Be3 d5 20. g4 Bd6 21.
Qd2 Qe7 22. Bh7+ Kf8 23. Qxd5 Nf6 24. Qb3 Nxh7 25. Nxh7+ Kg8 26. Ng5 Rad8 27.
Qd5 Bf4 0-1

[Event "Saginaw Valley Open (March)"]
[Site "Saginaw, Mich."]
[Date "1982.03.21"]
[Round "5"]
[White "Eckert, Bill"]
[Black "Moody, David"]
[Result "0-1"]
[WhiteElo "1788"]
[BlackElo "1982"]
[PlyCount "124"]
[EventDate "1982.03.20"]

1. g3 d5 2. Bg2 e5 3. d3 Nc6 4. Nf3 Nf6 5. O-O Bc5 6. Bg5 h6 7. Bxf6 Qxf6 8.
Nc3 Be6 9. e4 d4 10. Nd5 Qd8 11. b4 Bd6 12. b5 Ne7 13. Re1 Ng6 14. a3 Qd7 15.
Qb1 Bh3 16. Nd2 h5 17. Nc4 h4 18. Nxd6+ cxd6 19. Bf3 hxg3 20. fxg3 Be6 21. b6
Bxd5 22. exd5 a6 23. Qd1 Qh3 24. Qe2 f5 25. Qg2 Qh6 26. Rab1 Rc8 27. Rb4 Rc3
28. Rxd4 Kd7 29. Rc4 Rxc4 30. dxc4 e4 31. Bd1 Ne5 32. g4 Nxc4 33. gxf5 Ne3 34.
Qd2 Nxd5 35. Qxh6 Rxh6 36. Rxe4 Nc3 37. Re1 Nxd1 38. Rxd1 Rh5 39. Rf1 Kc6 40.
f6 gxf6 41. Rxf6 Rh3 42. a4 Rh4 43. a5 Rh5 44. Rf3 Rxa5 45. Rb3 Rc5 46. c3 a5
47. Kg2 a4 48. Ra3 Ra5 49. h4 Kxb6 50. h5 Kc5 51. h6 b5 52. Kg3 Kc4 53. Kg4 Kd3
54. h7 Ra8 55. c4+ Kxc4 56. Rh3 b4 57. h8=Q Rxh8 58. Rxh8 b3 59. Rc8+ Kb4 60.
Kf3 a3 61. Rb8+ Kc3 62. Rc8+ Kb2 0-1

[Event "3rd Ann Arbor Open"]
[Site "Ann Arbor, Mich."]
[Date "1982.04.10"]
[Round "2"]
[White "Moody, David"]
[Black "Nicks, Gerald"]
[Result "1-0"]
[WhiteElo "2051"]
[BlackElo "1479"]
[PlyCount "45"]
[EventDate "1982.04.10"]

1. e4 e5 2. Nf3 Nc6 3. d4 exd4 4. Bc4 Nf6 5. O-O d5 6. exd5 Nxd5 7. Re1+ Be7 8.
Nxd4 O-O 9. Bxd5 Nxd4 10. Qxd4 c6 11. Qe4 Bf6 12. Bb3 g6 13. c3 Bd7 14. Qf3 Re8
15. Rxe8+ Qxe8 16. Be3 Qe5 17. Nd2 Re8 18. Bd4 Qe7 19. Qxf6 Qxf6 20. Bxf6 Re2
21. Rd1 h5 22. Nf3 Be8 23. Re1 1-0

[Event "3rd Ann Arbor Open"]
[Site "Ann Arbor, Mich."]
[Date "1982.04.10"]
[Round "1"]
[White "Mason, Donald"]
[Black "Moody, David"]
[Result "1-0"]
[WhiteElo "1683"]
[BlackElo "2051"]
[PlyCount "69"]
[EventDate "1982.04.10"]

1. d4 Nf6 2. c4 c5 3. d5 e6 4. Nc3 exd5 5. cxd5 d6 6. e4 g6 7. Bg5 Bg7 8. Bd3
O-O 9. Nge2 h6 10. Bh4 g5 11. Bg3 a6 12. h4 g4 13. Qd2 Nh5 14. Nf4 Nxg3 15.
fxg3 Qe7 16. O-O Bd4+ 17. Kh1 Qe5 18. Rae1 b5 19. Nd1 c4 20. Bb1 Kg7 21. Ne3
Bxb2 22. Nf5+ Bxf5 23. exf5 Rh8 24. Rxe5 Bxe5 25. Ne6+ Kf6 26. Qa5 Rc8 27. Qb6
Nd7 28. Qb7 Nc5 29. Nxc5 dxc5 30. Qb6+ Ke7 31. Re1 f6 32. Rxe5+ fxe5 33. f6+
Kf8 34. Qd6+ Kg8 35. Qe7 1-0

[Event "3rd Ann Arbor Open"]
[Site "Ann Arbor, Mich."]
[Date "1982.04.11"]
[Round "4"]
[White "Moody, David"]
[Black "Ward, Tim"]
[Result "1/2-1/2"]
[WhiteElo "2051"]
[BlackElo "1876"]
[PlyCount "50"]
[EventDate "1982.04.10"]

1. e4 e6 2. d3 d5 3. Nd2 Be7 4. Ngf3 c5 5. g3 Nc6 6. Bg2 Nf6 7. O-O dxe4 8.
dxe4 e5 9. c3 O-O 10. Qc2 Qc7 11. Nc4 Be6 12. Ne3 Rad8 13. Nh4 Ng4 14. Nhf5
Nxe3 15. Nxe3 Rd7 16. Nd5 Qd8 17. Be3 f5 18. Bh3 g6 19. Bh6 Rf7 20. Ne3 Bg5 21.
exf5 Bxf5 22. Bxf5 gxf5 23. Nxf5 Rxf5 24. Qxf5 Bxh6 25. Qe6+ Kg7 1/2-1/2

[Event "3rd Ann Arbor Open"]
[Site "Ann Arbor, Mich."]
[Date "1982.04.11"]
[Round "3"]
[White "MacTaggert, Anthony"]
[Black "Moody, David"]
[Result "1/2-1/2"]
[WhiteElo "1854"]
[BlackElo "2051"]
[PlyCount "37"]
[EventDate "1982.04.10"]

1. e4 e5 2. Nf3 Nc6 3. Bb5 a6 4. Ba4 Nf6 5. O-O Be7 6. Qe2 b5 7. Bb3 O-O 8. c3
d5 9. d3 Bg4 10. Bg5 d4 11. h3 Bh5 12. Nbd2 Nd7 13. Bxe7 Qxe7 14. Rfd1 a5 15.
c4 a4 16. cxb5 axb3 17. bxc6 Nc5 18. Nxb3 Ne6 19. Nbd2 1/2-1/2

[Event "Trenton Quads (May)"]
[Site "Trenton, Mich."]
[Date "1982.05.09"]
[Round "2"]
[White "Moody, David"]
[Black "Leveson, Morris"]
[Result "0-1"]
[WhiteElo "2051"]
[BlackElo "1952"]
[PlyCount "74"]
[EventDate "1982.05.09"]

1. e4 d5 2. d4 dxe4 3. Nc3 Nf6 4. f3 exf3 5. Nxf3 Bg4 6. Bd3 e6 7. Bg5 Be7 8.
O-O O-O 9. Qe1 Bxf3 10. Rxf3 Qxd4+ 11. Be3 Qb4 12. Rf4 Qa5 13. Bd4 Nbd7 14. Qe3
Bc5 15. b4 Qxb4 16. Rb1 Bxd4 17. Rxd4 Qc5 18. Rb5 Qc6 19. Qh3 e5 20. Rh4 g6 21.
Rc4 Qd6 22. Rxb7 Nc5 23. Nb5 Qc6 24. Rxc7 Qxb5 25. R4xc5 Qb1+ 26. Kf2 e4 27.
Rb5 Qc1 28. Bc4 Qf4+ 29. Ke1 Qxc7 30. Qc3 Qd6 31. Rb7 Rad8 32. Qb3 Qd1+ 33. Kf2
Rd2+ 34. Ke3 Qe1+ 35. Kf4 Qh4+ 36. g4 Qxg4+ 37. Ke3 Qg5# 0-1

[Event "Trenton Quads (May)"]
[Site "Trenton, Mich."]
[Date "1982.05.09"]
[Round "1"]
[White "Moody, David"]
[Black "Harris, Ulysses"]
[Result "1-0"]
[WhiteElo "2051"]
[BlackElo "1878"]
[PlyCount "65"]
[EventDate "1982.05.09"]

1. e4 g5 2. d4 Bg7 3. Bxg5 c5 4. c3 Qb6 5. Nf3 Qxb2 6. Bc1 Qb6 7. Be3 Qb2 8.
Bc4 Qxa1 9. Qc2 Nc6 10. Bc1 cxd4 11. Bb2 d3 12. Qc1 Bh6 13. Nfd2 Bxd2+ 14. Kxd2
Ne5 15. Bxa1 Nxc4+ 16. Kxd3 b5 17. Qg5 Nf6 18. Qxb5 a5 19. Kc2 Nd6 20. Qa4
Ndxe4 21. c4 Bb7 22. f3 Bc6 23. Qa3 Ng5 24. Bxf6 exf6 25. Re1+ Ne6 26. Nc3 Rg8
27. Re2 Kd8 28. Qd6 Re8 29. Nd5 Nd4+ 30. Kd3 Rxe2 31. Qxf6+ Kc8 32. Qh8+ Kb7
33. Qxd4 1-0

[Event "Trenton Quads (May)"]
[Site "Trenton, Mich."]
[Date "1982.05.09"]
[Round "3"]
[White "Kulbacki, Jim"]
[Black "Moody, David"]
[Result "1/2-1/2"]
[WhiteElo "1901"]
[BlackElo "2051"]
[PlyCount "35"]
[EventDate "1982.05.09"]

1. e4 e5 2. Nc3 Nc6 3. f4 exf4 4. d4 Qh4+ 5. Ke2 d5 6. Nf3 Bg4 7. exd5 O-O-O 8.
dxc6 Bxf3+ 9. gxf3 Bc5 10. Qe1 Qe7+ 11. Ne4 Rxd4 12. Bh3+ Kb8 13. Kf1 Nf6 14.
Nxc5 Qxc5 15. c3 Rd3 16. Qe2 Qc4 17. Kg2 Re8 18. Qf2 1/2-1/2

[Event "Ford Chess Club Mini-Swiss"]
[Site "Dearborn, Mich."]
[Date "1982.05.23"]
[Round "1"]
[White "Suess, John"]
[Black "Moody, David"]
[Result "0-1"]
[WhiteElo "1500"]
[BlackElo "2051"]
[PlyCount "54"]
[EventDate "1982.05.23"]

1. e4 e5 2. Nc3 Nf6 3. Bc4 Nxe4 4. Qf3 Nf6 5. d3 d6 6. h3 Nc6 7. Nge2 Be7 8.
Be3 Be6 9. Nd5 O-O 10. g4 Nxd5 11. Bxd5 Nb4 12. Bb3 Bxb3 13. axb3 Nxc2+ 14. Kd2
Nxa1 15. Rxa1 d5 16. Kc2 c5 17. Ng3 Qd7 18. h4 Rfc8 19. Nf5 Bf8 20. Rh1 c4 21.
dxc4 dxc4 22. Rd1 cxb3+ 23. Kxb3 Qb5+ 24. Ka2 Qa4+ 25. Kb1 Qc2+ 26. Ka2 Rc4 27.
Bd2 Ra4+ 0-1

[Event "Ford Chess Club Mini-Swiss"]
[Site "Dearborn, Mich."]
[Date "1982.05.23"]
[Round "2"]
[White "Moody, David"]
[Black "Sims, Booker"]
[Result "1-0"]
[WhiteElo "2051"]
[BlackElo "1802"]
[PlyCount "111"]
[EventDate "1982.05.23"]

1. e4 c5 2. Nf3 d6 3. d4 cxd4 4. Nxd4 Nf6 5. Nc3 a6 6. Bc4 b5 7. Bb3 Bb7 8. Qe2
Nbd7 9. Bg5 e5 10. Nf5 h6 11. Bh4 g6 12. Ne3 g5 13. Bg3 Nc5 14. O-O-O Nxb3+ 15.
axb3 Qb6 16. Ned5 Bxd5 17. Nxd5 Nxd5 18. Rxd5 Qa5 19. Kb1 Rc8 20. Rhd1 Be7 21.
f3 Qc7 22. Be1 O-O 23. Bb4 Rfd8 24. Qd2 Qc6 25. c3 a5 26. Bxd6 Bf6 27. Bxe5 Be7
28. Rd7 a4 29. Qd5 Qb6 30. bxa4 bxa4 31. Bc7 Qxc7 32. Rxc7 Rxc7 33. Qxd8+ Bxd8
34. Rxd8+ Kg7 35. Ka2 h5 36. Rd4 g4 37. fxg4 hxg4 38. Rxa4 Rc5 39. e5 Rxe5 40.
Rxg4+ Kf6 41. b4 Kf5 42. h3 Ke6 43. Kb3 f5 44. Rd4 Re3 45. b5 Rg3 46. Rd2 f4
47. Kb4 f3 48. gxf3 Rxh3 49. b6 Rxf3 50. b7 Rf1 51. Kc5 Rb1 52. Kc6 Rc1 53. Rd3
Rb1 54. Kc7 Rb5 55. b8=Q Rc5+ 56. Kb6 1-0

[Event "Michigan Masters/Experts Championship"]
[Site "Southfield, Mich."]
[Date "1982.05.29"]
[Round "2"]
[White "Poschel, Paul"]
[Black "Moody, David"]
[Result "1-0"]
[WhiteElo "2294"]
[BlackElo "2051"]
[PlyCount "23"]
[EventDate "1982.05.29"]

1. c4 e5 2. Nc3 Nc6 3. Nf3 f5 4. d4 e4 5. Ng1 Nf6 6. e3 d5 7. cxd5 Nxd5 8. Nxd5
Qxd5 9. Ne2 Bd6 10. Nc3 Qf7 11. Qa4 a6 12. d5 1-0

[Event "Michigan Masters/Experts Championship"]
[Site "Southfield, Mich."]
[Date "1982.05.29"]
[Round "1"]
[White "Moody, David"]
[Black "Quigley, Larry"]
[Result "0-1"]
[WhiteElo "2051"]
[BlackElo "2154"]
[PlyCount "64"]
[EventDate "1982.05.29"]

1. e4 e5 2. Nf3 Nc6 3. Bb5 a6 4. Ba4 Nf6 5. O-O Be7 6. Bxc6 dxc6 7. Nc3 Bg4 8.
h3 Bh5 9. g4 Bg6 10. Nxe5 Nxe4 11. Re1 Nxc3 12. bxc3 O-O 13. Rb1 Bd6 14. Rxb7
Qf6 15. d4 Rae8 16. Nd7 Qh4 17. Kg2 f5 18. Rxe8 Rxe8 19. Rb8 Rxb8 20. Nxb8 Qe7
21. Nxc6 Qe4+ 22. Qf3 Qxc2 23. Qe3 fxg4 24. Qe6+ Kf8 25. Qc8+ Be8 26. d5 Qe4+
27. Kf1 Qxd5 28. Nd4 Qh1+ 29. Ke2 Qxc1 30. Qf5+ Kg8 31. Qc8 Qb2+ 32. Kf1 Qb1+
0-1

[Event "Michigan Masters/Experts Championship"]
[Site "Southfield, Mich."]
[Date "1982.05.30"]
[Round "3"]
[White "Moody, David"]
[Black "Smith, Michael R"]
[Result "1-0"]
[WhiteElo "2051"]
[BlackElo "2068"]
[PlyCount "61"]
[EventDate "1982.05.29"]

1. e4 e6 2. d3 c5 3. Nf3 d5 4. Nbd2 Nc6 5. g3 Nf6 6. Bg2 Be7 7. O-O O-O 8. Re1
b5 9. e5 Nd7 10. Nf1 a5 11. h4 Ba6 12. N1h2 Rc8 13. Bf4 c4 14. d4 b4 15. c3 Rb8
16. Ng5 h6 17. Ngf3 Re8 18. Qd2 Bf8 19. h5 Ne7 20. g4 Rb7 21. Bh3 Qb6 22. g5
Kh7 23. Kh1 bxc3 24. bxc3 Qb2 25. Qe3 Qa3 26. Rg1 Rb6 27. Rg2 Nb8 28. Rag1 Nf5
29. Bxf5+ exf5 30. gxh6 gxh6 31. Nh4 1-0

[Event "Michigan Masters/Experts Championship"]
[Site "Southfield, Mich."]
[Date "1982.05.30"]
[Round "4"]
[White "Everett, Morgan"]
[Black "Moody, David"]
[Result "1/2-1/2"]
[WhiteElo "2050"]
[BlackElo "2051"]
[PlyCount "61"]
[EventDate "1982.05.29"]

1. e4 e5 2. Nf3 Nc6 3. Bb5 a6 4. Ba4 Nf6 5. O-O Be7 6. Qe2 b5 7. Bb3 O-O 8. c3
d5 9. d3 Bb7 10. Re1 d4 11. cxd4 Nxd4 12. Nxd4 exd4 13. Bf4 c5 14. Nd2 Rc8 15.
e5 Nd5 16. Bxd5 Qxd5 17. Qg4 c4 18. Ne4 f5 19. exf6 Bxf6 20. Rac1 Rc6 21. f3
Bd8 22. Ng5 Rg6 23. Re5 Qc6 24. Re6 Rxf4 25. Qxf4 Bxg5 26. Qb8+ Kf7 27. Rxc6
Bxc6 28. f4 Be7 29. g3 cxd3 30. Rd1 Re6 31. Qa7 1/2-1/2

[Event "Michigan Masters/Experts Championship"]
[Site "Southfield, Mich."]
[Date "1982.05.31"]
[Round "6"]
[White "Turner, George"]
[Black "Moody, David"]
[Result "1-0"]
[WhiteElo "2033"]
[BlackElo "2051"]
[PlyCount "65"]
[EventDate "1982.05.29"]

1. d4 Nf6 2. c4 c5 3. dxc5 e6 4. Nf3 Bxc5 5. Nc3 d5 6. cxd5 exd5 7. e3 O-O 8.
h3 Nc6 9. Be2 Be6 10. O-O Qe7 11. Nb5 Ne4 12. Nbd4 Qf6 13. Bd3 Rfd8 14. Nxe6
fxe6 15. a3 Ne5 16. Nxe5 Qxe5 17. Qg4 Nf6 18. Qf4 Qh5 19. Rb1 Bd6 20. Qf3 Qh4
21. b4 Rf8 22. Bb2 Ne4 23. Qe2 Rf5 24. Bxe4 Qxe4 25. Qg4 Qxg4 26. hxg4 Rff8 27.
Rfc1 Rac8 28. Kf1 b5 29. Ke2 Rc4 30. Rxc4 dxc4 31. Rd1 Rd8 32. Bd4 a6 33. Bb6
1-0

[Event "Michigan Masters/Experts Championship"]
[Site "Southfield, Mich."]
[Date "1982.05.31"]
[Round "5"]
[White "Moody, David"]
[Black "Brooks, John"]
[Result "0-1"]
[WhiteElo "2051"]
[BlackElo "2092"]
[PlyCount "50"]
[EventDate "1982.05.29"]

1. e4 Nf6 2. Nc3 d5 3. d4 dxe4 4. f3 exf3 5. Nxf3 Bg4 6. h3 Bxf3 7. Qxf3 c6 8.
Bd3 Qxd4 9. Be3 Qh4+ 10. Bf2 Qb4 11. O-O-O Nbd7 12. Rhe1 e6 13. Ne4 Be7 14. Ng5
h6 15. Nxe6 fxe6 16. Bg6+ Kd8 17. Rd4 Qa5 18. Rxe6 Qg5+ 19. Be3 Qxg6 20. Rxc6
Ke8 21. Rc7 Rd8 22. Qxb7 Qg3 23. Bf4 Qe1+ 24. Rd1 Qb4 25. Rdxd7 Qe1+ 0-1

[Event "East Detroit Mini-Swiss (June)"]
[Site "East Detroit, Mich."]
[Date "1982.06.06"]
[Round "2"]
[White "Thompson, Dexter"]
[Black "Moody, David"]
[Result "1-0"]
[WhiteElo "1890"]
[BlackElo "2051"]
[PlyCount "62"]
[EventDate "1982.06.06"]

1. e4 e5 2. Nf3 Nc6 3. d4 exd4 4. c3 dxc3 5. Bc4 cxb2 6. Bxb2 d6 7. Nc3 Be6 8.
Bxe6 fxe6 9. Qb3 Qd7 10. Ng5 Nd4 11. Qxb7 Qc8 12. Qxc8+ Rxc8 13. Rd1 e5 14. Nd5
c5 15. Bxd4 exd4 16. Rb1 Nf6 17. Rb7 Nxd5 18. exd5 Be7 19. Ne6 Kf7 20. Kd2 Rb8
21. Rhb1 Rxb7 22. Rxb7 a5 23. f4 g6 24. Ng5+ Ke8 25. Rb8+ Bd8 26. a4 Kd7 27.
Ne6 h6 28. Ra8 g5 29. f5 Bf6 30. Nf8+ Ke7 31. Ng6+ Kf7 1-0

[Event "East Detroit Mini-Swiss (June)"]
[Site "East Detroit, Mich."]
[Date "1982.06.06"]
[Round "1"]
[White "Moody, David"]
[Black "Jackson, James"]
[Result "0-1"]
[WhiteElo "2051"]
[BlackElo "1799"]
[PlyCount "48"]
[EventDate "1982.06.06"]

1. e4 c5 2. Nf3 d6 3. d4 cxd4 4. Nxd4 Nf6 5. Nc3 g6 6. Be3 Bg7 7. f3 Nc6 8. Bc4
O-O 9. Qd2 Bd7 10. O-O-O Qa5 11. Kb1 Rfc8 12. Bb3 Ne5 13. Bh6 Bxh6 14. Qxh6 Nc4
15. Nde2 Be6 16. g4 b5 17. Nf4 Na3+ 18. bxa3 Bxb3 19. Nfd5 Nxd5 20. Rxd5 Bxc2+
21. Kxc2 Rxc3+ 22. Kb1 Qxa3 23. Rg1 Qb4+ 24. Ka1 Rc2 0-1

[Event "Ann Arbor Grand Prix"]
[Site "Ann Arbor, Mich."]
[Date "1982.06.12"]
[Round "2"]
[White "Moody, David"]
[Black "Peoples, Willis"]
[Result "1-0"]
[WhiteElo "2051"]
[BlackElo "1551"]
[PlyCount "47"]
[EventDate "1982.06.12"]

1. e4 e5 2. Nf3 Nc6 3. d4 exd4 4. Bc4 Bb4+ 5. c3 dxc3 6. O-O d6 7. Nxc3 Bxc3 8.
bxc3 Be6 9. Bxe6 fxe6 10. Qb3 Qc8 11. Ng5 Nd8 12. e5 h6 13. Qa4+ Qd7 14. Qh4 d5
15. Qh5+ Nf7 16. Nh3 Ne7 17. Ba3 g6 18. Qf3 Nf5 19. g4 Nh4 20. Qf6 g5 21. f4
Rg8 22. fxg5 hxg5 23. Nxg5 Rxg5 24. Qh8+ 1-0

[Event "Ann Arbor Grand Prix"]
[Site "Ann Arbor, Mich."]
[Date "1982.06.12"]
[Round "1"]
[White "Kaplan, Sam"]
[Black "Moody, David"]
[Result "0-1"]
[WhiteElo "1571"]
[BlackElo "2051"]
[PlyCount "64"]
[EventDate "1982.06.12"]

1. c4 e5 2. d3 Nc6 3. Nc3 f5 4. Nf3 Nf6 5. g3 Bb4 6. Bg2 O-O 7. O-O Bxc3 8.
bxc3 d6 9. Qb3 Qe8 10. Nd2 Qh5 11. e4 f4 12. Qd1 Qh6 13. Nb3 Bh3 14. f3 Bxg2
15. Kxg2 Qg6 16. Rg1 fxg3 17. hxg3 Nh5 18. Kh2 Rf6 19. f4 Qf7 20. f5 h6 21. g4
Nf4 22. Bxf4 exf4 23. g5 hxg5 24. Rxg5 Rh6+ 25. Kg2 Ne5 26. Nd4 Qe7 27. Rh5 f3+
28. Nxf3 Rxh5 29. Nxe5 Qg5+ 30. Ng4 Rh4 31. Kg3 Kf7 32. Qf3 Rah8 0-1

[Event "Ann Arbor Grand Prix"]
[Site "Ann Arbor, Mich."]
[Date "1982.06.13"]
[Round "4"]
[White "Quigley, Larry"]
[Black "Moody, David"]
[Result "1-0"]
[WhiteElo "2154"]
[BlackElo "2051"]
[PlyCount "39"]
[EventDate "1982.06.12"]

1. d4 Nf6 2. c4 c5 3. d5 e6 4. Nc3 exd5 5. cxd5 d6 6. e4 g6 7. Nf3 Bg7 8. Bg5
h6 9. Bh4 g5 10. Bg3 Nh5 11. Bb5+ Kf8 12. e5 Nxg3 13. fxg3 g4 14. Nh4 Bxe5 15.
O-O Qg5 16. Bd3 Qe3+ 17. Kh1 Kg7 18. Bf5 Qg5 19. Ne4 Qh5 20. Bxc8 1-0

[Event "Ann Arbor Grand Prix"]
[Site "Ann Arbor, Mich."]
[Date "1982.06.13"]
[Round "3"]
[White "Finegold, Ron"]
[Black "Moody, David"]
[Result "1/2-1/2"]
[WhiteElo "2187"]
[BlackElo "2051"]
[PlyCount "21"]
[EventDate "1982.06.12"]

1. c4 e5 2. Nc3 Nc6 3. a3 Nf6 4. e3 d5 5. cxd5 Nxd5 6. Qf3 Nf6 7. Bb5 Bd7 8.
Qg3 Nh5 9. Qf3 Nf6 10. Nge2 Bd6 11. Ng3 1/2-1/2

[Event "21st UMD Tornado"]
[Site "Dearborn, Mich."]
[Date "1982.06.19"]
[Round "3"]
[White "Moody, David"]
[Black "Tallosy, Mihaly"]
[Result "1-0"]
[WhiteElo "2051"]
[BlackElo "1739"]
[PlyCount "57"]
[EventDate "1982.06.19"]

1. e4 c5 2. Nc3 d6 3. d3 g6 4. g3 Bg7 5. Bg2 Nf6 6. f4 Nc6 7. Nf3 Bg4 8. h3 Bd7
9. g4 e6 10. Be3 Qb6 11. Qd2 Nxg4 12. hxg4 Qxb2 13. Rb1 Qxc3 14. Rxb7 Qa1+ 15.
Kf2 Qxa2 16. e5 dxe5 17. fxe5 Qd5 18. c4 Nxe5 19. cxd5 Nxg4+ 20. Ke2 Nxe3 21.
Qxe3 Bf8 22. Rhb1 Bd6 23. Ne5 Rd8 24. Nxd7 Rxd7 25. Rxd7 Kxd7 26. dxe6+ fxe6
27. Rb7+ Kd8 28. Qxe6 Re8 29. Rd7+ 1-0

[Event "21st UMD Tornado"]
[Site "Dearborn, Mich."]
[Date "1982.06.19"]
[Round "4"]
[White "Moody, David"]
[Black "Green, Douglas"]
[Result "1/2-1/2"]
[WhiteElo "2051"]
[BlackElo "1745"]
[PlyCount "80"]
[EventDate "1982.06.19"]

1. e4 e5 2. Nf3 Nc6 3. Bb5 a6 4. Ba4 Nf6 5. O-O b5 6. Bb3 Be7 7. Re1 d6 8. c3
O-O 9. h3 Nb8 10. d4 Nbd7 11. Bc2 Bb7 12. Nbd2 Re8 13. d5 Bf8 14. a4 c5 15. b4
Qc7 16. a5 Rac8 17. Bb3 g6 18. g4 Bg7 19. Nf1 Nf8 20. Ng3 h6 21. Nh4 Qe7 22.
Ng2 Rc7 23. Be3 c4 24. Bc2 Bc8 25. f3 N6h7 26. Kf2 g5 27. Nf5 Qf6 28. Rh1 Ng6
29. Bb6 Rb7 30. Nge3 Nf4 31. Nxg7 Kxg7 32. Nf5+ Bxf5 33. gxf5 Qe7 34. Qg1 Nf8
35. Qh2 Nd7 36. Be3 Rg8 37. Rag1 Kf8 38. h4 f6 39. hxg5 hxg5 40. Qh6+ Qg7
1/2-1/2

[Event "21st UMD Tornado"]
[Site "Dearborn, Mich."]
[Date "1982.06.19"]
[Round "1"]
[White "Moody, David"]
[Black "Foord, Allan"]
[Result "1/2-1/2"]
[WhiteElo "2051"]
[BlackElo "1657"]
[PlyCount "121"]
[EventDate "1982.06.19"]

1. e4 c5 2. Nf3 d6 3. d4 cxd4 4. Nxd4 Nf6 5. Nc3 a6 6. Bg5 e6 7. f4 Be7 8. Qf3
Qc7 9. O-O-O Nc6 10. Nxc6 Qxc6 11. g3 h6 12. Bh4 Bd7 13. Bg2 Rc8 14. Rhe1 b5
15. Qe2 Qc4 16. Qd2 b4 17. Nd5 exd5 18. exd5 Qxa2 19. Qe3 O-O 20. Qxe7 Qa1+ 21.
Kd2 Qxb2 22. Be4 Nxe4+ 23. Qxe4 Rfe8 24. Qd3 Rxe1 25. Rxe1 Bb5 26. Qb3 Qc3+ 27.
Qxc3 Rxc3 28. Be7 Rc4 29. Bxd6 Rd4+ 30. Ke3 Rxd5 31. Bxb4 Ba4 32. c4 Rd8 33.
Rc1 Rc8 34. Kd4 f6 35. Ra1 Bb3 36. c5 Rb8 37. Kc3 Be6 38. Rxa6 Kf7 39. Ra7+ Kg6
40. c6 Bd7 41. c7 Rc8 42. Kd4 Be6 43. Bd6 Kf5 44. Rb7 h5 45. Rb8 Kg4 46. Kc5
Kh3 47. Kb6 Kxh2 48. Kb7 Rxc7+ 49. Kxc7 Bf5 50. Rb3 Be4 51. Bf8 g6 52. Be7 f5
53. Kd6 Bg2 54. Rb2 Kxg3 55. Bg5 Be4 56. Ke6 Kg4 57. Kf6 h4 58. Kxg6 h3 59. Kh6
Kg3 60. Bd8 h2 61. Rxh2 1/2-1/2

[Event "Grand Rapids Hexagonal"]
[Site "Grand Rapids, Mich."]
[Date "1982.06.26"]
[Round "3"]
[White "Moody, David"]
[Black "Noren, Kevin"]
[Result "1/2-1/2"]
[WhiteElo "2049"]
[BlackElo "2031"]
[PlyCount "67"]
[EventDate "1982.06.26"]
[EventType "rapid"]

1. e4 e5 2. Nf3 Nc6 3. Bb5 g6 4. c3 d6 5. d3 Bg7 6. O-O Nge7 7. Qe2 O-O 8. Rd1
Bd7 9. Nbd2 a6 10. Bxc6 Nxc6 11. Nf1 h6 12. Ng3 Qe8 13. d4 Kh7 14. Qc4 Rc8 15.
dxe5 Nxe5 16. Nxe5 Qxe5 17. Be3 Qb5 18. Qxb5 Bxb5 19. Rd2 Rfe8 20. f3 f5 21.
Bd4 fxe4 22. Nxe4 Re6 23. Re1 Rce8 24. Bxg7 Kxg7 25. Kf2 Bc6 26. Rde2 Bxe4 27.
Rxe4 Rxe4 28. Rxe4 Rxe4 29. fxe4 Kf6 30. Kf3 Ke5 31. Ke3 c6 32. c4 b6 33. h4 a5
34. a4 1/2-1/2

[Event "Grand Rapids Hexagonal"]
[Site "Grand Rapids, Mich."]
[Date "1982.06.26"]
[Round "2"]
[White "Maring, Lee"]
[Black "Moody, David"]
[Result "0-1"]
[WhiteElo "1977"]
[BlackElo "2049"]
[PlyCount "28"]
[EventDate "1982.06.26"]
[EventType "rapid"]

1. e4 e5 2. Nf3 Nc6 3. Bc4 Nf6 4. Nc3 Nxe4 5. Nxe4 d5 6. Bb5 dxe4 7. Bxc6+ bxc6
8. Nxe5 Qg5 9. f4 Qxg2 10. Rf1 Bc5 11. Nxf7 Bh3 12. Qe2 Qxe2+ 13. Kxe2 Bxf1+
14. Kxf1 Kxf7 0-1

[Event "Grand Rapids Hexagonal"]
[Site "Grand Rapids, Mich."]
[Date "1982.06.26"]
[Round "1"]
[White "Fischvogt, Eric"]
[Black "Moody, David"]
[Result "1/2-1/2"]
[WhiteElo "2054"]
[BlackElo "2049"]
[PlyCount "47"]
[EventDate "1982.06.26"]
[EventType "rapid"]

1. d4 Nf6 2. c4 c5 3. Nf3 e6 4. g3 d5 5. Bg2 Nc6 6. cxd5 exd5 7. O-O Be6 8. b3
Be7 9. Bb2 O-O 10. Nc3 Ne4 11. Rc1 Rc8 12. dxc5 Nxc5 13. Nb5 Qa5 14. a4 d4 15.
Nbxd4 Nxd4 16. Nxd4 Rfd8 17. Qe1 Nxb3 18. Nxb3 Qxe1 19. Rfxe1 Bxb3 20. Bxb7
Rxc1 21. Rxc1 Bxa4 22. Kg2 Rd2 23. Rc8+ Rd8 24. Rc1 1/2-1/2

[Event "Grand Rapids Hexagonal"]
[Site "Grand Rapids, Mich."]
[Date "1982.06.27"]
[Round "5"]
[White "Moody, David"]
[Black "Bailey, Greg"]
[Result "1-0"]
[WhiteElo "2049"]
[BlackElo "2066"]
[PlyCount "89"]
[EventDate "1982.06.26"]
[EventType "rapid"]

1. e4 c6 2. d4 d5 3. exd5 cxd5 4. c4 Nf6 5. Nc3 Nc6 6. Bg5 e6 7. Nf3 Be7 8. c5
a6 9. Na4 Nd7 10. Bxe7 Qxe7 11. Be2 b6 12. Rc1 bxc5 13. Nxc5 Nxc5 14. Rxc5 Bd7
15. Qa4 Ne5 16. Qa5 Nxf3+ 17. Bxf3 O-O 18. O-O Bb5 19. Rfc1 Qh4 20. Qc3 g5 21.
g3 Qh3 22. Bg2 Qf5 23. Rc7 Kg7 24. Bf1 Bxf1 25. Rxf1 Rab8 26. f4 g4 27. Re1 h6
28. Qc6 Rxb2 29. Qxe6 Qxe6 30. Rxe6 Rxa2 31. Ree7 Rb8 32. Rxf7+ Kg6 33. Rb7
Rxb7 34. Rxb7 a5 35. Re7 Ra4 36. Re6+ Kg7 37. Ra6 Rxd4 38. Rxa5 Kg6 39. Ra6+
Kf5 40. Rxh6 Ke4 41. Re6+ Kf3 42. Re1 Rd2 43. f5 d4 44. Rf1+ Ke3 45. f6 1-0